Imperio o multitud /

Guardado en:
Bibliografiske detaljer
Hovedforfatter: Kraniauskas, John
Format: Texto
Tags: Tilføj Tag
Ingen Tags, Vær først til at tagge denne postø!

MARC

LEADER 00000 a a2200000 04500
001 9689
003
040
100 |a Kraniauskas, John  
245 |a Imperio o multitud /  |c John Kraniauskas 
773 |g volumen 8, número 36; páginas 45-56  
999 |c 36881  |d 36881